000 00475nam a2200169Ia 4500
003 GCL
008 140319s9999 xx 000 0 ara d
040 _aGCL /
_cGCL
082 0 4 _a810.9
_bا ف
100 1 _aايليا الحاوى
245 1 0 _aفى النقد والادب /
_cايليا الحاوى
260 _a[S.N] :
_bدار الكتاب اللبنانى ،
_c1986
490 _a
650 0 4 _aالادب
650 0 4 _aالنقد الادبى
942 _2ddc
_cBK
999 _c59103
_d59103